Georgië Trivia Quiz - Statistieken

Algemene statistieken
  • Deze quiz is 406 keer genomen
  • De gemiddelde score is 11 van 16
Antwoordstatistieken
Hint Antwoord % Correct
Aangrenzende landen Armenië
97%
Aangrenzende landen Rusland
97%
Aangrenzende landen Azerbeidzjan
96%
Aangrenzende landen Turkije
93%
Hoofdstad Tbilisi
88%
Land waaruit Georgië in 1991 onafhankelijk werd Sovjet-Unie
87%
Zee die aan Georgië grenst Zwarte Zee
87%
Vijf van deze objecten staan op de vlag Kruizen
75%
Bergketen aan de noordgrens Kaukasus
71%
Wrede dictator, geboren in 1878 als Ioseb dze Besarionis Dzjoegasjvili Jozef Stalin
59%
Door Rusland geregeerde gebieden van Georgië Zuid-{Ossetië}
57%
Sport waarin Georgië 17 van de 32 Olympische medailles heeft gewonnen Worstelen
53%
Georgiërs maken dit al 8000 jaar, soms fermenteren ze het in gigantische aarden potten Wijn
49%
Door Rusland geregeerde gebieden van Georgië Abchazië
34%
Grootste Georgische stad aan die zee Batoemi
33%
Naam van de regio van Georgië in de Romeinse tijd Iberië
17%
Geen overeenkomende quizzen gevonden
Scoreverdeling
Procent van Mensen met Elke Score
Percentiel versus Aantal Correcte Antwoorden
Uw Scoregeschiedenis
U heeft deze quiz nog niet genomen